Normal view
MARC view
Entry Corporate Name
001 - CONTROL NUMBER
- control field: 3784
003 - CONTROL NUMBER IDENTIFIER
- control field: OSt
005 - DATE AND TIME OF LATEST TRANSACTION
- control field: 20211028141608.0
008 - FIXED-LENGTH DATA ELEMENTS
- fixed length control field: 211028|| aca||aabn | a|a d
040 ## - CATALOGING SOURCE
- Original cataloging agency: OSt
- Transcribing agency: OSt
110 ## - HEADING--CORPORATE NAME
- Corporate name or jurisdiction name as entry element: SSG Software System Pvt. ltd
670 ## - SOURCE DATA FOUND
- Source citation: Work cat.: (OSt): Arunkumar, A Kalla; Jacob, Della Pradeep. 101715 3782, Development and configuration of an open source application in LJP (Linux JSP Postgre) environment for migration of digital content., 2013